[Event "Samara Polugaevsky Memorial 5th"]
[Site "Samara"]
[Date "2015.07.10"]
[Round "8"]
[White "Akulova, Taisiya"]
[Black "Malyshev, Vasily"]
[Result "1-0"]
[WhiteElo "1592"]
[BlackElo "1890"]
[PlyCount "120"]
[EventDate "2015.07.03"]
[EventType "swiss"]
[EventRounds "9"]
[EventCountry "RUS"]
[SourceTitle "EXT 2017"]
[Source "ChessBase"]
[SourceDate "2016.10.25"]
[SourceVersion "1"]
[SourceVersionDate "2016.10.25"]
[SourceQuality "1"]

1. e4 c5 2. Nf3 d6 3. d4 cxd4 4. Nxd4 Nc6 5. Bb5 Bd7 6. Nxc6 Bxc6 7. Bxc6+ bxc6 8. 0-0 Nf6 9. Nc3 g6 10. Be3 Bg7 11. f4 0-0 12. f5 Qb8 13. Rb1 Nd7 14. Qg4 Nf6 15. Qh3 Qb4 16. Rf4 Nh5 17. Rg4 Bxc3 18. Qxh5 Bg7 19. Qh3 h5 20. fxg6 fxg6 21. Rxg6 Qxe4 22. Qg3 Rf7 23. Re1 Raf8 24. c3 h4 25. Rxg7+ Rxg7 26. Qxg7+ Kxg7 27. Bh6+ Kxh6 28. Rxe4 Rf7 29. Rxh4+ Kg5 30. Rh3 e5 31. Rg3+ Kh6 32. Rh3+ Kg6 33. Rg3+ Kh6 34. Rg8 Rc7 35. Kf2 Kh7 36. Rd8 d5 37. g4 Kg6 38. h4 Kf6 39. Rd6+ Kg7 40. Ke3 Kf7 41. Rh6 Kg7 42. Re6 e4 43. c4 dxc4 44. Rxe4 Rb7 45. Rxc4 Rxb2 46. Rxc6 Rxa2 47. Rc4 a5 48. Kf4 Rb2 49. Rc5 a4 50. Ra5 Rb4+ 51. Kg5 Kh7 52. h5 Rc4 53. h6 Rb4 54. Kh5 Rc4 55. g5 Rc8 56. Rxa4 Rb8 57. Ra5 Rc8 58. g6+ Kh8 59. h7 Kg7 60. Ra7+ Kh8 1-0

[Event "Samara Polugaevsky Memorial 5th"]
[Site "Samara"]
[Date "2015.07.08"]
[Round "6"]
[White "Akulova, Taisiya"]
[Black "Kalashnikova, Elena"]
[Result "0-1"]
[WhiteElo "1592"]
[BlackElo "1782"]
[PlyCount "74"]
[EventDate "2015.07.03"]
[EventType "swiss"]
[EventRounds "9"]
[EventCountry "RUS"]
[SourceTitle "EXT 2017"]
[Source "ChessBase"]
[SourceDate "2016.10.25"]
[SourceVersion "1"]
[SourceVersionDate "2016.10.25"]
[SourceQuality "1"]

1. e4 d5 2. exd5 Nf6 3. c4 c6 4. Nc3 cxd5 5. cxd5 Nxd5 6. Bb5+ Bd7 7. Bc4 Nb6 8. Bb3 e6 9. Nf3 Bc6 10. d4 Qf6 11. d5 exd5 12. Nxd5 Bxd5 13. Bxd5 Bb4+ 14. Kf1 Nxd5 15. Qxd5 Qa6+ 16. Kg1 0-0 17. h3 Nc6 18. Be3 Rad8 19. Qh5 Qd3 20. Kh2 Rd5 21. Qg4 Bd6+ 22. g3 h5 23. Qa4 Qf5 24. Nh4 Qf6 25. Qb3 Rd8 26. Ng2 g5 27. Rhf1 Qf3 28. Qxb7 Ne7 29. Bxg5 Nf5 30. Nf4 Bxf4 31. gxf4 f6 32. Rg1 fxg5 33. Rxg5+ Kh8 34. Rxh5+ Qxh5 35. Qxa7 Rd3 36. f3 Rd2+ 37. Kg1 Qxh3 0-1